Recursos públics destinats als boscos catalans : període 1984-1997 període 1984-1997
ISBN:
8477946981
Publicado:
Barcelona :
Diputació de Barcelona. Oficina Tècnica Municipal de Prevenció d'Incendis Forestals ,
2000
Descripción Física:
119 p. : il. b/n., gràfics, quadres, taules ; 30 cm
Colección:
Quaderns d'informació tècnica ; 3
MARC
| LEADER | 00000nam a2200000Ia 4500 | ||
|---|---|---|---|
| 001 | 23757 | ||
| 008 | 160829s2000 xx 000 0 cat d | ||
| 020 | |a 8477946981 | ||
| 080 | |a Bib-31 | ||
| 100 | |a Raddi, Adriano |9 1727 | ||
| 245 | |a Recursos públics destinats als boscos catalans : |b període 1984-1997 | ||
| 260 | |a Barcelona : |b Diputació de Barcelona. Oficina Tècnica Municipal de Prevenció d'Incendis Forestals, |c 2000 | ||
| 300 | |a 119 p. : |b il. b/n., gràfics, quadres, taules ; |c 30 cm | ||
| 490 | |a Quaderns d'informació tècnica ; 3 | ||
| 650 | |a Explotació forestal |x Catalunya |9 38081 | ||
| 650 | 0 | |a Boscos i silvicultura |x Catalunya |9 49830 | |
| 650 | 0 | |a Despeses públiques |z Catalunya |9 31492 | |
| 710 | |a Barcelona (Catalunya : Província). |b Oficina Tècnica de Prevenció Municipal d'Incendis Forestals |9 9456 | ||
| 901 | |a Arxiu | ||
| 942 | |n 1 | ||
| 952 | |0 0 |1 0 |4 0 |6 BIB31 |7 1 |9 55986 |a Arxiu |b Arxiu |d 2016-12-01 |l 0 |o Bib-31 |p 23757 |r 2016-12-01 00:00:00 |w 2016-12-01 |y ARXIU | ||
| 999 | |c 59859 |d 59859 | ||